| 000 | 00370nam a2200157Ia 4500 | ||
|---|---|---|---|
| 008 | 230524s9999 xx 000 0 und d | ||
| 082 |
_a5.1 _bSIN |
||
| 100 | _aDavid E.Simon | ||
| 245 | 3 | _aAn Embedded Software Primer | |
| 250 | _a1ST | ||
| 260 |
_aNEW DELHI _bPearson _c2006 |
||
| 300 | _aX;429 | ||
| 500 | _aQuantity Number: 18 | ||
| 650 | _aComp-Sc | ||
| 942 | _cBK | ||
| 999 |
_c33750 _d33750 |
||